|
|
|
|
| LEADER |
00958nam a2200253 a 4500 |
| 001 |
2264613 |
| 008 |
100107s1979 nyu b 001 0 eng d |
| 010 |
|
|
|a 78019771
|
| 020 |
|
|
|a 0030466318 :
|c $18.95
|
| 040 |
|
|
|a DLC
|c DLC
|d DLC
|d BD-DhAAL
|
| 082 |
0 |
0 |
|a 323.4
|
| 245 |
0 |
0 |
|a Human rights :
|b cultural and ideological perspectives /
|c edited by Adamantia Pollis and Peter Schwab.
|
| 260 |
|
|
|a New York :
|b Praeger,
|c 1979.
|
| 300 |
|
|
|a xvi, 165 p. ;
|c 25 cm.
|
| 504 |
|
|
|a Includes bibliographies and index.
|
| 541 |
1 |
|
|e 00001342
|
| 650 |
|
0 |
|a Civil rights.
|
| 650 |
|
0 |
|a Comparative government.
|
| 650 |
|
0 |
|a Human rights.
|
| 700 |
1 |
|
|a Pollis, Adamantia.
|
| 700 |
1 |
|
|a Schwab, Peter,
|d 1940-
|
| 852 |
4 |
|
|a Ayesha Abed Library
|j General Shelf.
|
| 999 |
|
|
|c 6793
|d 6793
|
| 952 |
|
|
|0 0
|1 0
|2 ddc
|4 0
|6 323_400000000000000_HUM_1978
|7 0
|9 6984
|a BRACUL
|b BRACUL
|c GEN
|d 2010-01-10
|g 0.00
|l 3
|m 5
|o 323.4 HUM
|p 3010001342
|r 2024-07-13
|s 2024-06-25
|t 1
|w 2010-01-10
|y BK
|z Not price in Register
|